On a beam of light: (Record no. 9131)
[ view plain ]
| 000 -LEADER | |
|---|---|
| fixed length control field | 01655nam a22002777a 4500 |
| 001 - CONTROL NUMBER | |
| control field | 9131 |
| 003 - CONTROL NUMBER IDENTIFIER | |
| control field | FISKH |
| 005 - DATE AND TIME OF LATEST TRANSACTION | |
| control field | 20251124141552.0 |
| 008 - FIXED-LENGTH DATA ELEMENTS--GENERAL INFORMATION | |
| fixed length control field | 251124b cb ||||| |||| 00| 0 eng d |
| 040 ## - CATALOGING SOURCE | |
| Original cataloging agency | FISKH |
| Language of cataloging | eng |
| Transcribing agency | FISKH |
| Modifying agency | FISKH |
| 050 ## - LIBRARY OF CONGRESS CALL NUMBER | |
| Classification number | QC16.E5 B437 |
| 082 ## - DEWEY DECIMAL CLASSIFICATION NUMBER | |
| Classification number | 530.092 |
| 100 ## - MAIN ENTRY--PERSONAL NAME | |
| Personal name | Berne, Jennifer |
| 245 ## - TITLE STATEMENT | |
| Title | On a beam of light: |
| Remainder of title | A story of Albert Einstein / |
| Statement of responsibility, etc. | by Jennifer Berne ; pictures by Vladimir Radunsky |
| 250 ## - EDITION STATEMENT | |
| Edition statement | First Chromicle Boooks LLC paperback edition published in 2016 |
| 260 ## - PUBLICATION, DISTRIBUTION, ETC. | |
| Place of publication, distribution, etc. | San Francisco : |
| Name of publisher, distributor, etc. | Chromicles book, |
| Date of publication, distribution, etc. | 2013 |
| 300 ## - PHYSICAL DESCRIPTION | |
| Extent | 56 unnumbered pages : |
| Other physical details | color illustrations ; |
| Dimensions | 25 x 26 cm |
| 505 ## - FORMATTED CONTENTS NOTE | |
| Formatted contents note | R<br/> |
| 520 ## - SUMMARY, ETC. | |
| Summary, etc. | Biography & Autobiography. Juvenile Nonfiction. Science. HTML:A boy rides a bicycle down a dusty road. But in his mind, he envisions himself traveling at a speed beyond imagining, on a beam of light. This brilliant mind will one day offer up some of the most revolutionary ideas ever conceived. From a boy endlessly fascinated by the wonders around him, Albert Einstein ultimately grows into a man of genius recognized the world over for profoundly illuminating our understanding of the universe. Jennifer Berne and Vladimir Radunsky invite the reader to travel along with Einstein on a journey full of curiosity, laughter, and scientific discovery. Parents and children alike will appreciate this moving story of the powerful difference imagination can make in any life. |
| 521 8# - TARGET AUDIENCE NOTE | |
| Target audience note | 680<br/> |
| Source | Lexile AD<br/> |
| 521 8# - TARGET AUDIENCE NOTE | |
| Target audience note | R<br/> |
| Source | Raz-Plus<br/> |
| 650 ## - SUBJECT ADDED ENTRY--TOPICAL TERM | |
| Topical term or geographic name entry element | Biography |
| Form subdivision | Curiosity |
| General subdivision | Albert Einstein |
| 700 ## - ADDED ENTRY--PERSONAL NAME | |
| Personal name | Radunsky, Vladimir |
| Relator term | illustrator |
| 942 ## - ADDED ENTRY ELEMENTS (KOHA) | |
| Source of classification or shelving scheme | Dewey Decimal Classification |
| Koha item type | Books |
| Suppress in OPAC | No |
| Withdrawn status | Lost status | Source of classification or shelving scheme | Damaged status | Not for loan | Collection | Home library | Current library | Shelving location | Date acquired | Total Checkouts | Full call number | Barcode | Date last seen | Copy number | Price effective from | Koha item type |
|---|---|---|---|---|---|---|---|---|---|---|---|---|---|---|---|---|
| Dewey Decimal Classification | Non-Fiction | Footprints International School Library Network Toul Tom Poung Campus | Footprints International School Library Network Toul Tom Poung Campus | TTP Primary Orange Bookshelves | 11/24/2025 | BER 530.092 QC16.E5 B437 | 2025-4893 | 11/24/2025 | 1 | 11/24/2025 | Books |
